Nghiên cứu chế tạo bê tông nhẹ ( Polystyrene concrete) có sử dụng chất thải nguy hại : Báo cáo đề tài nghiên cứu Khoa học cấp Trường

محفوظ في:
التفاصيل البيبلوغرافية
المؤلف الرئيسي: Đỗ, Doãn Dung
التنسيق: Đề tài khoa học
اللغة:Undetermined
منشور في: Trường Đại học Công nghiệp Tp. Hồ Chí Minh 2019
الموضوعات:
الوسوم: إضافة وسم
لا توجد وسوم, كن أول من يضع وسما على هذه التسجيلة!
Thư viện lưu trữ: Trung tâm Thư viện - Trường Đại học Công nghiệp TP. Hồ Chí Minh
LEADER 00709nam a2200157Ia 4500
001 UIH_00721
008 230809s9999 xx 000 0 und d
082 |a 628 
100 |a Đỗ, Doãn Dung 
245 0 |a Nghiên cứu chế tạo bê tông nhẹ ( Polystyrene concrete) có sử dụng chất thải nguy hại : Báo cáo đề tài nghiên cứu Khoa học cấp Trường 
245 0 |c Đỗ, Doãn Dung 
260 |b Trường Đại học Công nghiệp Tp. Hồ Chí Minh 
260 |c 2019 
650 |a Quản lý môi trường 
927 |a Đề tài khoa học 
980 |a Trung tâm Thư viện - Trường Đại học Công nghiệp TP. Hồ Chí Minh